Realiti baru

Bibliographic Details
Main Author: Drucker, Peter F
Format: Book
Published: Kuala Lumpur : Dewan Bahasa Dan Pustaka , 1995
Subjects:

MARC

LEADER 00000cam a2200000 7i4500
001 0000009710
002 000010575
005 20011120.0
020 |a 9836244611 
090 0 0 |a 320.9   |b DRU 
100 1 |a Drucker, Peter F 
245 1 0 |a Realiti baru   |c Peter F. Drucker 
260 |a Kuala Lumpur :   |b Dewan Bahasa Dan Pustaka ,   |c 1995 
300 |a 261p. ;   |c 23cm. 
650 0 0 |a World politics   |x Forecasting 
999 |a 054342   |b BUKU   |c PINJAMAN   |e PERPUSTAKAAN KOMUNITI CAW KOTA DAMANSARA